[Event "Bayern-chI Bank Hofmann 13th"]
[Site "Bad Wiessee"]
[Date "2009.11.02"]
[Round "3"]
[White "Popow, Alexander"]
[Black "Nguyen, Piotr"]
[Result "0-1"]
[WhiteElo "2076"]
[BlackElo "2360"]
[PlyCount "46"]
[EventDate "2009.10.31"]
[EventType "swiss"]
[EventRounds "9"]
[EventCountry "GER"]
[SourceTitle "EXT 2010"]
[Source "ChessBase"]
[SourceDate "2010.11.25"]
[SourceVersion "1"]
[SourceVersionDate "2010.11.25"]
[SourceQuality "1"]

1. e4 c5 2. c3 g6 3. d4 cxd4 4. cxd4 d5 5. e5 Bg7 6. f4 Nc6 7. Nc3 Nh6 8. Bb5 0-0 9. Nge2 Bg4 10. h3 Bxe2 11. Nxe2 Qa5+ 12. Nc3 Nf5 13. Bxc6 bxc6 14. 0-0 c5 15. dxc5 Qxc5+ 16. Kh2 Rfd8 17. Na4 Qb5 18. g4 Nd4 19. Be3 Ne6 20. g5 d4 21. Bc1 Rac8 22. h4 Rc2+ 23. Kg3 Qxa4 0-1

[Event "Wattens op 15th"]
[Site "Wattens"]
[Date "2000.09.03"]
[Round "9"]
[White "Popow, Alexander"]
[Black "Mair, Christoph"]
[Result "0-1"]
[WhiteElo "1942"]
[BlackElo "1683"]
[PlyCount "120"]
[EventDate "2000.08.26"]
[EventType "swiss"]
[EventRounds "9"]
[EventCountry "AUT"]
[SourceTitle "EXT 2001"]
[Source "ChessBase"]
[SourceDate "2000.11.22"]
[SourceVersion "1"]
[SourceVersionDate "2000.11.22"]
[SourceQuality "1"]

1. e4 e6 2. f4 d5 3. e5 c5 4. Nf3 Nh6 5. c3 Nf5 6. d4 Nc6 7. Bb5 Be7 8. 0-0 h5 9. Qd3 Qb6 10. Bxc6+ bxc6 11. Rd1 Ba6 12. Qc2 0-0 13. h3 h4 14. Kh2 Rab8 15. b3 g6 16. Qf2 cxd4 17. cxd4 Rfc8 18. Ba3 Bxa3 19. Nxa3 c5 20. Nc2 c4 21. Ne3 Ng3 22. Nxh4 Ne4 23. Qe1 c3 24. Nf3 Rc7 25. Nc2 Qb5 26. Ng5 Qe2 27. Qxe2 Bxe2 28. Re1 Bd3 29. Rac1 Rbc8 30. Re3 Nxg5 31. Rxd3 Ne4 32. g4 a5 33. Kg2 Kg7 34. f5 g5 35. Kf3 Rh8 36. f6+ Kg6 37. Kg2 Rhc8 38. Kf3 Rh8 39. Ke2 Rh4 40. Ne1 Rc8 41. Ng2 Rh7 42. Re3 c2 43. Ne1 Nc3+ 44. Kd3 Nxa2 45. Rxc2 Nb4+ 46. Kd2 Nxc2 47. Nxc2 Rhh8 48. Na3 Rb8 49. Nc2 Rhc8 50. Rg3 Rc7 51. Rd3 Rcb7 52. Na1 Rb4 53. Ke2 a4 54. bxa4 Rxa4 55. Nc2 Rc4 56. Ne3 Rb2+ 57. Kf3 Rcb4 58. Kg3 R4b3 59. Rxb3 Rxb3 60. Kf3 Rd3 0-1

[Event "Passau op 8th"]
[Site "Passau"]
[Date "2000.04.22"]
[Round "3"]
[White "Richter, Thomas"]
[Black "Popow, Alexander"]
[Result "0-1"]
[WhiteElo "1709"]
[BlackElo "1942"]
[PlyCount "72"]
[EventDate "2000.04.21"]
[EventType "swiss"]
[EventRounds "7"]
[EventCountry "GER"]
[SourceTitle "CBM 076 Extra"]
[Source "ChessBase"]
[SourceDate "2000.07.11"]
[SourceVersion "1"]
[SourceVersionDate "2000.07.11"]
[SourceQuality "1"]

1. d4 d5 2. Nf3 e6 3. g3 c5 4. Bg2 Nc6 5. 0-0 Nf6 6. b3 cxd4 7. Nxd4 Bc5 8. Bb2 0-0 9. e3 Re8 10. c4 Nxd4 11. exd4 Bb6 12. c5 Bc7 13. Re1 Bd7 14. Nd2 Bc6 15. f4 g6 16. Bc3 h5 17. Nf3 Ne4 18. Bb2 f5 19. Qd3 a6 20. b4 g5 21. a4 g4 22. Nh4 Bxf4 23. b5 Bd7 24. Nxf5 exf5 25. gxf4 Qh4 26. Rf1 g3 27. h3 Nf2 28. Bxd5+ Kh7 29. Rxf2 gxf2+ 30. Kf1 Re1+ 31. Kg2 Qxf4 32. Bc4 axb5 33. Qf3 Rg1+ 34. Kxf2 Qh2+ 35. Ke3 Re8+ 36. Kd3 Rg3 0-1

[Event "Passau op 7th"]
[Site "Passau"]
[Date "1999.04.04"]
[Round "5"]
[White "Esswein, Karlheinz"]
[Black "Popow, Alexander"]
[Result "1-0"]
[WhiteElo "2154"]
[BlackElo "1936"]
[PlyCount "75"]
[EventDate "1999.04.02"]
[EventType "swiss"]
[EventRounds "7"]
[EventCountry "GER"]
[SourceTitle "EXT 2000"]
[Source "ChessBase"]
[SourceDate "1999.11.16"]
[SourceVersion "1"]
[SourceVersionDate "1999.11.16"]
[SourceQuality "1"]

1. e4 c5 2. Nf3 Nc6 3. d4 cxd4 4. Nxd4 e6 5. c4 a6 6. Be2 Bb4+ 7. Bd2 Qb6 8. Nb3 Nf6 9. Qc2 Bxd2+ 10. N1xd2 Nd4 11. Nxd4 Qxd4 12. 0-0 0-0 13. Rad1 b6 14. Bf3 Bb7 15. e5 Bxf3 16. Nxf3 Qe4 17. Qxe4 Nxe4 18. Rxd7 Rfd8 19. Rfd1 Rxd7 20. Rxd7 Kf8 21. Kf1 b5 22. Rd4 Nc5 23. b4 Na4 24. c5 Nc3 25. g3 Nd5 26. Ng5 Ke7 27. Ne4 a5 28. Nd6 Nc3 29. a3 f6 30. exf6+ gxf6 31. Rg4 e5 32. Rg7+ Ke6 33. Rb7 axb4 34. axb4 Ra1+ 35. Kg2 Ra2 36. Nxb5 Nd1 37. Rb6+ Kf5 38. Nd6+ 1-0

[Event "Wattens op 12th"]
[Site "Wattens"]
[Date "1997.??.??"]
[Round "?"]
[White "Popow, Alexander"]
[Black "Junger, Gerald"]
[Result "1/2-1/2"]
[WhiteElo "2035"]
[BlackElo "1785"]
[PlyCount "112"]
[EventDate "1997.??.??"]
[EventType "swiss"]
[EventRounds "9"]
[EventCountry "AUT"]
[SourceTitle "EXT 2000"]
[Source "ChessBase"]
[SourceDate "1999.11.16"]
[SourceVersion "1"]
[SourceVersionDate "1999.11.16"]
[SourceQuality "1"]

1. d4 d5 2. c4 c6 3. Nc3 Nf6 4. Bf4 e6 5. e3 Bd6 6. Bg5 0-0 7. c5 Be7 8. Bd3 Nbd7 9. Qc2 b6 10. cxb6 axb6 11. Nf3 Ba6 12. Bxa6 Rxa6 13. 0-0 Ne8 14. Bf4 Bd6 15. Ne2 Bxf4 16. Nxf4 Qa8 17. h4 Nef6 18. a3 Rc8 19. Nd3 Ra7 20. Nde5 Nxe5 21. Nxe5 Nd7 22. Nf3 Qb8 23. g4 e5 24. dxe5 Nxe5 25. Nxe5 Qxe5 26. Rad1 Qf6 27. Rxd5 Qxh4 28. Rd4 Ra5 29. Kg2 Rc5 30. Qe4 Qg5 31. Rfd1 g6 32. b4 Re5 33. Qf4 Qxf4 34. exf4 Re7 35. Rd8+ Rxd8 36. Rxd8+ Kg7 37. Rd6 Rc7 38. g5 Kf8 39. Kf3 Ke7 40. Rf6 b5 41. Ke4 c5 42. bxc5 Rxc5 43. Rb6 Rc4+ 44. Kd5 Ra4 45. Rxb5 Rxa3 46. Ke5 Kf8 47. f5 gxf5 48. f4 Kg7 49. Kxf5 Ra1 50. Rb6 Ra5+ 51. Kg4 Ra1 52. Rh6 Rg1+ 53. Kf5 Ra1 54. Rh3 Ra5+ 55. Kg4 Ra1 56. f5 Rg1+ 1/2-1/2